<?xml version="1.0" encoding="UTF-8"?>
<record
    xmlns:xsi="http://www.w3.org/2001/XMLSchema-instance"
    xsi:schemaLocation="http://www.loc.gov/MARC21/slim http://www.loc.gov/standards/marcxml/schema/MARC21slim.xsd"
    xmlns="http://www.loc.gov/MARC21/slim">

  <leader>00703cam a2200205 i 4500</leader>
  <controlfield tag="001">sa 64003017 </controlfield>
  <controlfield tag="003">DLC</controlfield>
  <controlfield tag="005">20260227112013.0</controlfield>
  <controlfield tag="008">811023s1962    ii            00010 ori  </controlfield>
  <datafield tag="010" ind1=" " ind2=" ">
    <subfield code="a">sa 64003017 //r892</subfield>
  </datafield>
  <datafield tag="025" ind1=" " ind2=" ">
    <subfield code="a">PL480:I-O-117</subfield>
  </datafield>
  <datafield tag="050" ind1="0" ind2=" ">
    <subfield code="a">PK2579.M3</subfield>
    <subfield code="b">B3 1962</subfield>
  </datafield>
  <datafield tag="100" ind1="1" ind2="0">
    <subfield code="a">Mahanty, Surendra.</subfield>
  </datafield>
  <datafield tag="245" ind1="1" ind2="0">
    <subfield code="a">Bajra kab&#x101;&#x1E6D;a /</subfield>
    <subfield code="c">Surendra Mah&#x101;nti.</subfield>
  </datafield>
  <datafield tag="260" ind1="0" ind2=" ">
    <subfield code="a">[Ka&#x1E6D;aka :</subfield>
    <subfield code="b">Mithuna rak&#x101;&#x15B;an&#x12B; :</subfield>
    <subfield code="b">paribesha&#x1E47;a, &#x15A;&#x101;rad&#x101; Bhabana,</subfield>
    <subfield code="c">1962]</subfield>
  </datafield>
  <datafield tag="300" ind1=" " ind2=" ">
    <subfield code="a">70 p. ;</subfield>
    <subfield code="c">19 cm.</subfield>
  </datafield>
  <datafield tag="500" ind1=" " ind2=" ">
    <subfield code="a">In Oriya.</subfield>
  </datafield>
  <datafield tag="500" ind1=" " ind2=" ">
    <subfield code="a">A play.</subfield>
  </datafield>
  <datafield tag="500" ind1=" " ind2=" ">
    <subfield code="a">"O&#x1E0D;i&#x15B;&#x101; Sa&#x1E45;g&#x12B;ta Ek&#x101;&#x1E0D;em&#x12B; dv&#x101;r&#x101; &#x101;yojita caturtha nikhila Utka&#x1E37;a n&#x101;&#x1E6D;aka utsavare &#x15B;resh&#x1E6D;ha likhita n&#x101;&#x1E6D;akar&#x16B;pe puraskr&#x325;ta."</subfield>
  </datafield>
  <datafield tag="999" ind1=" " ind2=" ">
    <subfield code="c">57642</subfield>
    <subfield code="d">57642</subfield>
  </datafield>
</record>
